000 00607nam a2200193Ia 4500
008 151121s9999||||xx |||||||||||||| ||und||
082 _aबा।वि।
082 _bHNW-73909
100 _aथत्ते यदुनाथ
245 _aमहर्षी अरविंद
260 _bश्रीराम प्रकाशन
260 _c--
300 _a32
600 _aथत्ते यदुनाथ
630 _aमहर्षी अरविंद
700 _aथत्ते यदुनाथ
730 _aमहर्षी अरविंद
942 _cBOOK
999 _c1255364
_d1255361